[Event "Barcelona Sants op 25th"]
[Site "Barcelona"]
[Date "2024.08.29"]
[Round "7"]
[White "Fernandez Guillen, Ernesto J"]
[Black "Zhukov, Dmitry"]
[Result "1/2-1/2"]
[WhiteElo "2463"]
[BlackElo "2309"]
[PlyCount "30"]
[EventDate "2024.08.23"]
[EventType "swiss"]
[EventRounds "10"]
[EventCountry "ESP"]
[SourceTitle "CBM 221 Extra"]
[Source "ChessBase"]
[SourceDate "2024.09.30"]
[SourceVersion "1"]
[SourceVersionDate "2024.09.30"]
[SourceQuality "1"]

1. Nf3 e6 2. e4 c5 3. b4 cxb4 4. d4 Nf6 5. Bd3 d5 6. e5 Ne4 7. 0-0 Nc6 8. Re1 Be7 9. a3 a5 10. Qe2 0-0 11. Bxe4 dxe4 12. Qxe4 Qd5 13. Qd3 b5 14. Bg5 Bxg5 15. Nxg5 f5 1/2-1/2

[Event "Barcelona Sants op 25th"]
[Site "Barcelona"]
[Date "2024.08.25"]
[Round "3"]
[White "Zhukov, Dmitry"]
[Black "Lozano Casasayas, Marc"]
[Result "1-0"]
[WhiteElo "2309"]
[BlackElo "2108"]
[PlyCount "65"]
[EventDate "2024.08.23"]
[EventType "swiss"]
[EventRounds "10"]
[EventCountry "ESP"]
[SourceTitle "CBM 221 Extra"]
[Source "ChessBase"]
[SourceDate "2024.09.30"]
[SourceVersion "1"]
[SourceVersionDate "2024.09.30"]
[SourceQuality "1"]

1. e4 c6 2. d4 d5 3. e5 Bf5 4. h4 Qb6 5. Nf3 e6 6. Bd3 Bxd3 7. cxd3 Ne7 8. Nc3 Nf5 9. Na4 Bb4+ 10. Kf1 Qd8 11. g4 Ne7 12. h5 h6 13. a3 Ba5 14. Nc5 Qc8 15. Be3 Nd7 16. b4 Bc7 17. Nb3 f6 18. exf6 gxf6 19. Qd2 e5 20. Bxh6 Nb6 21. Rg1 Rg8 22. dxe5 fxe5 23. Ng5 Bd6 24. Re1 Nd7 25. Qe2 Qc7 26. Ne6 Qb6 27. Nbc5 a5 28. Bg7 axb4 29. axb4 Bxc5 30. bxc5 Nxc5 31. Nxc5 Rxg7 32. Qxe5 Rf7 33. Qh8+ 1-0

[Event "Catalunya-chT Gp1"]
[Site "Barcelona"]
[Date "2024.03.02"]
[Round "7.3"]
[White "Lazaro Pujol, Abel"]
[Black "Zhukov, Dmitry"]
[Result "0-1"]
[WhiteElo "2301"]
[BlackElo "2306"]
[PlyCount "70"]
[EventDate "2024.01.20"]
[EventType "team-tourn"]
[EventRounds "7"]
[EventCountry "ESP"]
[SourceTitle "CBM 219 Extra"]
[Source "ChessBase"]
[SourceDate "2024.05.31"]
[SourceVersion "1"]
[SourceVersionDate "2024.05.31"]
[SourceQuality "1"]
[WhiteTeam "Figueres"]
[BlackTeam "Tres Peons"]
[WhiteTeamCountry "ESP"]
[BlackTeamCountry "ESP"]

1. e4 c5 2. Nf3 Nc6 3. d4 cxd4 4. Nxd4 Nf6 5. Nc3 e5 6. Ndb5 d6 7. Bg5 a6 8. Na3 b5 9. Bxf6 gxf6 10. Nd5 f5 11. Bd3 Be6 12. 0-0 Bxd5 13. exd5 Ne7 14. Re1 Bg7 15. c3 Qd7 16. Bf1 0-0 17. Nc2 Rab8 18. g3 f4 19. gxf4 f5 20. fxe5 dxe5 21. d6 Ng6 22. Nb4 Rb6 23. Qd5+ Kh8 24. Rad1 Rd8 25. Qc5 Rxd6 26. Qxd6 Qxd6 27. Rxd6 Rxd6 28. Nc2 Nh4 29. Re3 e4 30. Kh1 Be5 31. Be2 Rd2 32. Nd4 Rxb2 33. Bd1 Rxf2 34. Be2 Rxh2+ 35. Kg1 Bf4 0-1

[Event "Catalunya-chT Gp1"]
[Site "Barcelona"]
[Date "2024.02.10"]
[Round "4.3"]
[White "Zhukov, Dmitry"]
[Black "Rahal, Michael"]
[Result "0-1"]
[WhiteElo "2306"]
[BlackElo "2312"]
[PlyCount "200"]
[EventDate "2024.01.20"]
[EventType "team-tourn"]
[EventRounds "7"]
[EventCountry "ESP"]
[SourceTitle "CBM 219 Extra"]
[Source "ChessBase"]
[SourceDate "2024.05.31"]
[SourceVersion "1"]
[SourceVersionDate "2024.05.31"]
[SourceQuality "1"]
[WhiteTeam "Tres Peons"]
[BlackTeam "Ateneu Colon"]
[WhiteTeamCountry "ESP"]
[BlackTeamCountry "ESP"]

1. e4 c5 2. Nf3 a6 3. c4 e6 4. Nc3 Qc7 5. d4 cxd4 6. Nxd4 Nf6 7. Bd3 d6 8. 0-0 Be7 9. Qe2 0-0 10. Be3 b6 11. Rac1 Bb7 12. Rfd1 Nbd7 13. f3 Rac8 14. b3 Qb8 15. Qf2 Rfe8 16. Bf1 Bd8 17. g4 Bc7 18. g5 Nh5 19. Bh3 g6 20. Nde2 Rcd8 21. Bg4 Ng7 22. f4 f5 23. exf5 Nxf5 24. Bxf5 gxf5 25. Ng3 Ba8 26. Nh5 Qb7 27. Nd5 exd5 28. cxd5 b5 29. Kf1 b4 30. Qg3 Bb6 31. Nf6+ Kh8 32. Nxe8 Rxe8 33. Bxb6 Nxb6 34. Re1 Qf7 35. Qd3 Nxd5 36. Rxe8+ Qxe8 37. Re1 Qd7 38. h4 Bc6 39. Kf2 Kg8 40. Kg3 a5 41. h5 Qg7 42. Rc1 Nc3 43. Kh4 Qd7 44. h6 Qa7 45. Rxc3 bxc3 46. Qc4+ Kf8 47. Qxc6 Qf2+ 48. Kh3 Qe3+ 49. Kh4 Qxf4+ 50. Kh3 Qe3+ 51. Kh2 Qe2+ 52. Kg1 Qe1+ 53. Kh2 Qh4+ 54. Kg1 Qxg5+ 55. Kf2 Qf4+ 56. Kg1 Qe3+ 57. Kf1 Qf4+ 58. Kg1 Qc1+ 59. Kf2 Qxh6 60. Qxc3 Qh2+ 61. Kf1 Qe5 62. Qc8+ Kf7 63. Qb7+ Kg6 64. Qg2+ Kf6 65. Qa8 Qa1+ 66. Kf2 Qxa2+ 67. Kf1 Qb1+ 68. Kf2 Qc2+ 69. Kf1 Qd3+ 70. Kf2 Qd4+ 71. Kf1 Qf4+ 72. Kg1 Qe5 73. Qh8+ Kg6 74. Qg8+ Kh6 75. Kf2 Qd4+ 76. Kf1 Qf4+ 77. Ke1 Qe5+ 78. Kf1 d5 79. Qf8+ Kh5 80. Qf7+ Kg4 81. Qxh7 Qa1+ 82. Kf2 Qb2+ 83. Kf1 Qxb3 84. Qg6+ Kf4 85. Qh6+ Ke4 86. Qe6+ Kd4 87. Qf6+ Kc4 88. Qc6+ Kb4 89. Qb6+ Ka4 90. Qd6 Qc4+ 91. Kf2 f4 92. Qd7+ Kb3 93. Qb7+ Ka2 94. Qf7 a4 95. Ke1 Qd4 96. Qc7 a3 97. Qc2+ Qb2 98. Qc5 d4 99. Qd5+ Ka1 100. Kd1 d3 0-1

[Event "Catalunya-chT Gp1"]
[Site "Barcelona"]
[Date "2024.01.27"]
[Round "2.2"]
[White "Iermito, Sebastian"]
[Black "Zhukov, Dmitry"]
[Result "1/2-1/2"]
[WhiteElo "2503"]
[BlackElo "2306"]
[PlyCount "123"]
[EventDate "2024.01.20"]
[EventType "team-tourn"]
[EventRounds "7"]
[EventCountry "ESP"]
[SourceTitle "CBM 218 Extra"]
[Source "ChessBase"]
[SourceDate "2024.03.31"]
[SourceVersion "1"]
[SourceVersionDate "2024.03.31"]
[SourceQuality "1"]
[WhiteTeam "Mollet"]
[BlackTeam "Tres Peons"]
[WhiteTeamCountry "ESP"]
[BlackTeamCountry "ESP"]

1. e4 e6 2. d4 d5 3. Nc3 Nf6 4. Bg5 Be7 5. e5 Nfd7 6. Bxe7 Qxe7 7. f4 a6 8. Nf3 c5 9. Qd2 Nc6 10. dxc5 Nxc5 11. Bd3 b5 12. 0-0 b4 13. Ne2 a5 14. Ned4 Nxd4 15. Nxd4 0-0 16. Rae1 Nxd3 17. cxd3 Bd7 18. Qe3 a4 19. Rc1 Rac8 20. g3 h6 21. Kf2 a3 22. b3 Kh7 23. Ke2 Rc3 24. Rxc3 bxc3 25. Rc1 Rc8 26. Kf2 Qb4 27. Nc2 Qa5 28. Qd4 Bb5 29. Ke2 Kg8 30. Ne3 Ba6 31. Rc2 Qc5 32. Qxc5 Rxc5 33. Rc1 d4 34. Nc2 f6 35. exf6 e5 36. b4 Rd5 37. fxe5 Rxe5+ 38. Kf3 Bb7+ 39. Kf4 Re2 40. Nxd4 Rxa2 41. Rxc3 Rf2+ 42. Ke3 a2 43. Ra3 Rxh2 44. fxg7 Kxg7 45. Nf5+ Kg6 46. Nd6 Bd5 47. Nc4 Kg5 48. Kd4 Bf3 49. Kc5 Rc2 50. b5 Kg4 51. Kb4 Kxg3 52. Kb3 Rc1 53. Kxa2 h5 54. Kb2 Re1 55. b6 h4 56. d4 h3 57. b7 Re8 58. Nd2 h2 59. Rxf3+ Kg2 60. Rf1 Rb8 61. Kc3 Rxb7 62. d5 1/2-1/2

[Event "St Petersburg rapid Cup"]
[Site "St Petersburg"]
[Date "2013.09.28"]
[Round "1.1"]
[White "Popov, Valerij"]
[Black "Zhukov, Dmitry"]
[Result "1-0"]
[WhiteElo "2548"]
[BlackElo "2162"]
[PlyCount "87"]
[EventDate "2013.09.28"]
[EventType "k.o. (rapid)"]
[EventRounds "5"]
[EventCountry "RUS"]
[SourceTitle "CBM 156 Extra"]
[Source "ChessBase"]
[SourceDate "2013.10.22"]
[SourceVersion "1"]
[SourceVersionDate "2013.10.22"]
[SourceQuality "1"]

1. Nf3 Nf6 2. c4 e6 3. Nc3 d5 4. d4 Be7 5. Qc2 Nbd7 6. Bg5 h6 7. Bh4 c6 8. e3 0-0 9. Rd1 Re8 10. a3 a5 11. cxd5 exd5 12. Bg3 Nf8 13. h3 Bd6 14. Bxd6 Qxd6 15. Bd3 Ne6 16. 0-0 Ng5 17. Ne5 Nge4 18. Bxe4 Nxe4 19. Nxe4 dxe4 20. Qxe4 Be6 21. Qf4 Rad8 22. Rc1 f6 23. Nd3 Qe7 24. Rc5 Rd5 25. Rfc1 Red8 26. Qe4 Qf7 27. Nf4 Rxc5 28. Rxc5 Bb3 29. h4 g5 30. Ne2 Bd5 31. Qf5 b6 32. Rc1 Kg7 33. Ng3 Re8 34. e4 Be6 35. Qf3 Bd7 36. Rc3 Qg6 37. Nf5+ Bxf5 38. exf5 Qf7 39. Rxc6 Qd7 40. d5 Re5 41. d6 Qxf5 42. Rc7+ Kf8 43. Qxf5 Rxf5 44. Rc8+ 1-0

[Event "St Petersburg Chigorin CC-ch"]
[Site "St Petersburg"]
[Date "2009.05.29"]
[Round "9"]
[White "Vlasov, Egor"]
[Black "Zhukov, Dmitry"]
[Result "1-0"]
[WhiteElo "2275"]
[BlackElo "2157"]
[PlyCount "79"]
[EventDate "2009.05.19"]
[EventType "swiss"]
[EventRounds "9"]
[EventCountry "RUS"]
[SourceTitle "CBM 130 Extra"]
[Source "ChessBase"]
[SourceDate "2009.07.02"]
[SourceVersion "2"]
[SourceVersionDate "2009.07.15"]
[SourceQuality "1"]

1. e4 c5 2. Nf3 e6 3. d4 cxd4 4. Nxd4 Nf6 5. Nc3 d6 6. Be3 Be7 7. f3 a6 8. Qd2 Qc7 9. 0-0-0 Nbd7 10. g4 h6 11. h4 b5 12. Qg2 b4 13. Nb1 Nc5 14. g5 Nfd7 15. g6 f6 16. Qh3 Ne5 17. f4 Nc6 18. e5 fxe5 19. Nxc6 Qxc6 20. fxe5 b3 21. Bg2 d5 22. Bxc5 bxa2 23. Bxe7 a1Q 24. Ba3 Qa2 25. Rd4 Rb8 26. Nc3 Rxb2 27. Bxb2 Qa5 28. Rf1 Qac7 29. Qf3 Bd7 30. Qf7+ Kd8 31. Qxg7 Re8 32. Qf6+ Kc8 33. g7 Qc5 34. Rg4 Qe3+ 35. Kb1 Qb7 36. Qf3 Qeb6 37. Nd1 h5 38. Rg3 Kc7 39. g8Q Rb8 40. Qc3+ 1-0

[Event "St Petersburg Chigorin CC-ch"]
[Site "St Petersburg"]
[Date "2009.05.28"]
[Round "8"]
[White "Zhukov, Dmitry"]
[Black "Solovyov, Viktor"]
[Result "1-0"]
[WhiteElo "2157"]
[BlackElo "2127"]
[PlyCount "101"]
[EventDate "2009.05.19"]
[EventType "swiss"]
[EventRounds "9"]
[EventCountry "RUS"]
[SourceTitle "CBM 130 Extra"]
[Source "ChessBase"]
[SourceDate "2009.07.02"]
[SourceVersion "2"]
[SourceVersionDate "2009.07.15"]
[SourceQuality "1"]

1. e4 e5 2. Nf3 Nc6 3. Bb5 Nf6 4. 0-0 Nxe4 5. d4 Nd6 6. Bxc6 dxc6 7. dxe5 Nf5 8. Qxd8+ Kxd8 9. Nc3 a5 10. b3 h6 11. h3 Be6 12. Bb2 Be7 13. Rad1+ Kc8 14. Ne2 Bd5 15. Nfd4 Nxd4 16. Nxd4 Bc5 17. Nf5 Rg8 18. c4 Be6 19. Ng3 a4 20. Kh2 b6 21. f4 g6 22. Ne4 Be7 23. g4 axb3 24. axb3 Ra2 25. Rf2 Kb7 26. Nc3 Ra5 27. Ne4 Ra2 28. Nc3 Raa8 29. f5 gxf5 30. gxf5 Bc8 31. Bc1 h5 32. Ne4 Ra1 33. Rdf1 Bh4 34. Rg2 Rxg2+ 35. Kxg2 Ra2+ 36. Bd2 Be7 37. Kg3 Rb2 38. Rf3 h4+ 39. Kg4 Rb1 40. Bg5 Re1 41. Rf4 Ba3 42. Bxh4 Rg1+ 43. Ng3 Bb2 44. Bf6 Bc3 45. Rf1 Rg2 46. h4 Bd4 47. h5 Bf2 48. Rxf2 Rxf2 49. h6 Rh2 50. Bh4 Rc2 51. h7 1-0

[Event "St Petersburg Chigorin CC-ch"]
[Site "St Petersburg"]
[Date "2009.05.21"]
[Round "3"]
[White "Malofeev, Alex"]
[Black "Zhukov, Dmitry"]
[Result "1/2-1/2"]
[WhiteElo "2233"]
[BlackElo "2157"]
[PlyCount "40"]
[EventDate "2009.05.19"]
[EventType "swiss"]
[EventRounds "9"]
[EventCountry "RUS"]
[SourceTitle "CBM 130 Extra"]
[Source "ChessBase"]
[SourceDate "2009.07.02"]
[SourceVersion "2"]
[SourceVersionDate "2009.07.15"]
[SourceQuality "1"]

1. e4 c5 2. Nf3 e6 3. Be2 Nc6 4. d4 cxd4 5. Nxd4 Qc7 6. Nc3 a6 7. 0-0 Nf6 8. Be3 Bb4 9. Na4 0-0 10. Nxc6 bxc6 11. Nb6 Rb8 12. Nxc8 Rfxc8 13. Bxa6 Rf8 14. Bd3 Bd6 15. g3 Be5 16. a4 Bxb2 17. Ra2 d5 18. exd5 cxd5 19. a5 d4 20. Bg5 Nd5 1/2-1/2

[Event "St Petersburg March op"]
[Site "St Petersburg"]
[Date "2008.03.27"]
[Round "6"]
[White "Zhukov, Dmitry"]
[Black "Donskov, Anatoly"]
[Result "1/2-1/2"]
[WhiteElo "2180"]
[BlackElo "2066"]
[PlyCount "51"]
[EventDate "2008.03.22"]
[EventType "swiss"]
[EventRounds "9"]
[EventCountry "RUS"]
[SourceTitle "EXT 2010"]
[Source "ChessBase"]
[SourceDate "2010.11.25"]
[SourceVersion "1"]
[SourceVersionDate "2010.11.25"]
[SourceQuality "1"]

1. e4 e6 2. d4 d5 3. Nc3 Bb4 4. e5 c5 5. a3 Bxc3+ 6. bxc3 Ne7 7. a4 Nbc6 8. Nf3 Qa5 9. Bd2 c4 10. Be2 Bd7 11. 0-0 0-0-0 12. Ng5 Rdf8 13. f4 f6 14. Nh3 h6 15. Bf3 fxe5 16. fxe5 g5 17. Qe2 Ng6 18. g3 Nce7 19. Nf2 Nf5 20. Bh5 Be8 21. Ng4 Nf4 22. Bxf4 Bxh5 23. Bd2 Rf7 24. Kg2 Rhf8 25. h3 a6 26. Kh2 1/2-1/2

[Event "St Petersburg March op"]
[Site "St Petersburg"]
[Date "2008.03.23"]
[Round "2"]
[White "Zhukov, Dmitry"]
[Black "Smirnov, Leonid G"]
[Result "1-0"]
[WhiteElo "2180"]
[BlackElo "1980"]
[PlyCount "59"]
[EventDate "2008.03.22"]
[EventType "swiss"]
[EventRounds "9"]
[EventCountry "RUS"]
[SourceTitle "EXT 2010"]
[Source "ChessBase"]
[SourceDate "2010.11.25"]
[SourceVersion "1"]
[SourceVersionDate "2010.11.25"]
[SourceQuality "1"]

1. e4 c6 2. d4 d6 3. Nf3 Nf6 4. Nc3 g6 5. h3 Bg7 6. Be3 0-0 7. Qd2 b5 8. Bd3 Nbd7 9. 0-0 e5 10. a4 b4 11. Ne2 a5 12. Ng3 Bb7 13. Rfd1 Qc7 14. c3 c5 15. Rac1 cxd4 16. cxd4 Qb8 17. Qe2 h6 18. Bb5 exd4 19. Bxd4 Ne5 20. Nd2 Qd8 21. f4 Ned7 22. Nc4 d5 23. Nd6 Nxe4 24. Ngxe4 Bxd4+ 25. Rxd4 dxe4 26. Nxb7 Qb6 27. Qxe4 Rac8 28. Rxc8 Rxc8 29. Nd6 Nf6 30. Nxc8 1-0

[Event "St Petersburg March op"]
[Site "St Petersburg"]
[Date "2008.03.22"]
[Round "1"]
[White "Stepaniants, Anatoly"]
[Black "Zhukov, Dmitry"]
[Result "1-0"]
[WhiteElo "2000"]
[BlackElo "2180"]
[PlyCount "117"]
[EventDate "2008.03.22"]
[EventType "swiss"]
[EventRounds "9"]
[EventCountry "RUS"]
[SourceTitle "EXT 2010"]
[Source "ChessBase"]
[SourceDate "2010.11.25"]
[SourceVersion "1"]
[SourceVersionDate "2010.11.25"]
[SourceQuality "1"]

1. d4 Nf6 2. c4 g6 3. Nf3 Bg7 4. Nc3 0-0 5. e4 d6 6. Be2 Nbd7 7. 0-0 e5 8. dxe5 dxe5 9. h3 c6 10. Qc2 Qe7 11. Be3 Ne8 12. a3 a5 13. Na4 Nc7 14. Rad1 Ne6 15. c5 f5 16. exf5 gxf5 17. Bc4 Kh8 18. Bxe6 Qxe6 19. Ng5 Qg8 20. Rd6 f4 21. Bc1 Nf6 22. Nb6 Bh6 23. Nxc8 Qxg5 24. Nb6 Rae8 25. Nd7 Rg8 26. f3 Nd5 27. Rf2 e4 28. fxe4 Bg7 29. e5 Bxe5 30. Nxe5 Rxe5 31. b3 Re1+ 32. Rf1 Rge8 33. Rd7 R1e7 34. Rxe7 Rxe7 35. Bb2+ Kg8 36. Qd2 Ne3 37. Rf2 Qf5 38. Qc1 Qe4 39. Qc3 Qb1+ 40. Bc1 Nd5 41. Qb2 Qd3 42. Rf3 Re1+ 43. Kh2 Qe4 44. Qd2 Re2 45. Qd3 Qe5 46. Bd2 Re4 47. Bxa5 Re3 48. Qf1 Re2 49. Bd8 Qb2 50. Bg5 Ne3 51. Rxe3 fxe3 52. Bh6 Qe5+ 53. Bf4 Qh5 54. Bd6 Rf2 55. Qc4+ Rf7 56. Qe4 e2 57. Qe8+ Kg7 58. Be5+ Kh6 59. Bc3 1-0

[Event "St Petersburg op"]
[Site "St Petersburg"]
[Date "2007.11.02"]
[Round "7"]
[White "Guzenko, Artem"]
[Black "Zhukov, Dmitry"]
[Result "0-1"]
[WhiteElo "2091"]
[BlackElo "2178"]
[PlyCount "114"]
[EventDate "2007.10.27"]
[EventType "swiss"]
[EventRounds "9"]
[EventCountry "RUS"]
[SourceTitle "CBM 121 Extra"]
[Source "ChessBase"]
[SourceDate "2008.01.10"]
[SourceVersion "1"]
[SourceVersionDate "2008.01.10"]
[SourceQuality "1"]

1. e4 c5 2. Nf3 e6 3. d4 cxd4 4. Nxd4 Nf6 5. Nc3 Nc6 6. a3 Qc7 7. Be3 Be7 8. Bd3 d6 9. 0-0 Ne5 10. h3 a6 11. f4 Nc4 12. Bxc4 Qxc4 13. Qf3 0-0 14. Rad1 e5 15. Nb3 b5 16. Bf2 Bb7 17. Rfe1 a5 18. Qd3 Rfc8 19. fxe5 dxe5 20. Bg3 b4 21. axb4 axb4 22. Nd5 Nxd5 23. exd5 Qxd3 24. Rxd3 f6 25. d6 Bd8 26. Bf2 Rxc2 27. Nc5 Bc6 28. Ne6 Kf7 29. Nxd8+ Rxd8 30. b3 Ke6 31. Red1 Ra8 32. Be1 Rxg2+ 33. Kf1 Rc2 34. Kg1 Be4 35. Re3 f5 36. Bxb4 Rd8 37. Ba3 Bc6 38. Rde1 Be4 39. Rd1 g5 40. Bb4 h5 41. Ra1 Bd5 42. Ra7 e4 43. Re7+ Kf6 44. d7 f4 45. Rh7 Kg6 46. Ba5 Ra8 47. Re1 Kxh7 48. d8Q Rxd8 49. Bxd8 Kg6 50. Rd1 Bxb3 51. Rd6+ Kf5 52. Rf6+ Ke5 53. Rg6 e3 54. Rxg5+ Ke4 55. Rg7 Kf3 56. Bh4 Bd5 57. Re7 Be4 0-1

[Event "St Petersburg op"]
[Site "St Petersburg"]
[Date "2007.10.27"]
[Round "1"]
[White "Tukan, Ekaterina"]
[Black "Zhukov, Dmitry"]
[Result "1-0"]
[WhiteElo "1931"]
[BlackElo "2178"]
[PlyCount "71"]
[EventDate "2007.10.27"]
[EventType "swiss"]
[EventRounds "9"]
[EventCountry "RUS"]
[SourceTitle "CBM 121 Extra"]
[Source "ChessBase"]
[SourceDate "2008.01.10"]
[SourceVersion "1"]
[SourceVersionDate "2008.01.10"]
[SourceQuality "1"]

1. e4 c5 2. Nf3 d6 3. d4 cxd4 4. Qxd4 a6 5. c4 Nc6 6. Qe3 g6 7. Bd2 Bg7 8. Bc3 Nf6 9. Be2 0-0 10. 0-0 Be6 11. h3 Rc8 12. Nbd2 Na5 13. Rac1 Nd7 14. Bxg7 Kxg7 15. Nd4 Nc6 16. N2f3 Qa5 17. a3 Nxd4 18. Nxd4 Ne5 19. b4 Qd8 20. f4 Nc6 21. Nxe6+ fxe6 22. Bg4 Rf6 23. b5 Na5 24. e5 dxe5 25. Rfd1 Qf8 26. fxe5 Rf4 27. Bxe6 Nxc4 28. Qe2 axb5 29. Bxc8 Qxc8 30. Rd5 Qc6 31. Qd3 Rf5 32. Qd4 Qe6 33. Rxb5 Nxe5 34. Re1 Qd6 35. Qb2 Kf6 36. Rb6 1-0

[Event "St Petersburg White Nights op"]
[Site "St Petersburg"]
[Date "2007.07.03"]
[Round "9"]
[White "Efremova, Daria"]
[Black "Zhukov, Dmitry"]
[Result "0-1"]
[WhiteElo "2015"]
[BlackElo "2176"]
[PlyCount "88"]
[EventDate "2007.06.25"]
[EventType "swiss"]
[EventRounds "9"]
[EventCountry "RUS"]
[SourceTitle "CBM 119 Extra"]
[Source "ChessBase"]
[SourceDate "2007.09.04"]
[SourceVersion "1"]
[SourceVersionDate "2007.09.04"]
[SourceQuality "1"]

1. d4 Nf6 2. Nf3 g6 3. Bf4 Bg7 4. e3 d6 5. Bd3 Nbd7 6. h3 0-0 7. 0-0 Re8 8. Bh2 e5 9. dxe5 dxe5 10. Bc4 Qe7 11. Nc3 c6 12. a4 h6 13. Qd2 Qb4 14. Bb3 Ne4 15. Nxe4 Qxe4 16. Qd6 Bf8 17. Qd1 Nc5 18. Nd2 Qf5 19. g4 Qf6 20. f4 e4 21. Ba2 Qxb2 22. f5 g5 23. Nc4 Qf6 24. Qd4 Qxd4 25. exd4 Nd7 26. Rab1 b6 27. Rfe1 Ba6 28. Ne5 Nxe5 29. Bxe5 c5 30. Bd5 Rac8 31. Bxe4 cxd4 32. Bxd4 Rc4 33. c3 Bc5 34. Bd3 Rxe1+ 35. Rxe1 Rxd4 36. Re8+ Kg7 37. cxd4 Bxd4+ 38. Kh2 Bxd3 39. Rd8 Be5+ 40. Kg1 Bc2 41. Ra8 a5 42. Ra6 Bxa4 43. Kg2 Bc6+ 44. Kg1 a4 0-1